Five Biggest States by Groups #2 - Statistics

General Stats
  • This quiz has been taken 127 times
  • The average score is 33 of 40
Answer Stats
Hint Answer % Correct
Drains into Pacific* California
98%
4+ Syllables California
98%
Voted the Same in 1892 and 2016** California
98%
Judaism is 2nd Largest Religion New York
95%
One of the 13 Colonies New York
95%
Drains into Pacific* Alaska
94%
Closer to Iceland than Israel is Alaska
94%
Entirely North of 34th Parallel Alaska
94%
One of the 13 Colonies Virginia
87%
One of the 13 Colonies Georgia
85%
4+ Syllables Colorado
84%
Capital is Largest City Colorado
84%
Entirely North of 34th Parallel Colorado
84%
Drains into Pacific* Arizona
83%
4+ Syllables Arizona
83%
Capital is Largest City Arizona
83%
Capital is Largest City Idaho
83%
One of the 13 Colonies North Carolina
82%
Closer to Iceland than Israel is North Dakota
82%
Drains into Pacific* Montana
81%
Closer to Iceland than Israel is Montana
81%
Voted the Same in 1892 and 2016** Montana
81%
Entirely North of 34th Parallel Montana
81%
Judaism is 2nd Largest Religion Pennsylvania
80%
One of the 13 Colonies Pennsylvania
80%
Drains into Pacific* New Mexico
79%
4+ Syllables New Mexico
79%
Entirely North of 34th Parallel Nevada
77%
Closer to Iceland than Israel is South Dakota
77%
Voted the Same in 1892 and 2016** South Dakota
77%
Capital is Largest City Utah
77%
Voted the Same in 1892 and 2016** Wyoming
77%
Capital is Largest City Wyoming
77%
Entirely North of 34th Parallel Wyoming
77%
4+ Syllables Minnesota
70%
Closer to Iceland than Israel is Minnesota
70%
Judaism is 2nd Largest Religion Minnesota
70%
Judaism is 2nd Largest Religion Missouri
62%
Judaism is 2nd Largest Religion Tennessee
61%
Voted the Same in 1892 and 2016** Nebraska
60%
No matching quizzes found
Score Distribution
Percent of People with Each Score
Percentile by Number Answered
Your Score History
You have not taken this quiz